|
|
|
|
| LEADER |
00000naa2a2200000 4500 |
| 001 |
126863 |
| 005 |
20231031132029.0 |
| 035 |
|
|
|a (RuTPU)RU\TPU\book\137231
|
| 090 |
|
|
|a 126863
|
| 100 |
|
|
|a 20071205d2007 k y0rusy50 ca
|
| 101 |
0 |
|
|a rus
|
| 102 |
|
|
|a RU
|
| 200 |
1 |
|
|a Перспективы борьбы с солеотложениями и коррозией на Первомайском месторождении
|f А. Ю. Глущенко, В. Л. Асланиди
|g науч. рук. В. Н. Арбузов
|
| 320 |
|
|
|a Библиогр.: 3 назв.
|
| 461 |
|
0 |
|0 (RuTPU)RU\TPU\book\132777
|t Проблемы геологии и освоения недр
|o труды X Международного симпозиума имени академика М. А. Усова студентов и молодых ученых, посвященного 100-летию первого выпуска сибирских инженеров и 110-летию основания ТПУ; г. Томск, 3-8 апреля 2006 г.
|f Томский политехнический университет (ТПУ); Институт геологии и нефтегазового дела; под ред. В. А. Домаренко
|d 2007
|
| 463 |
|
0 |
|0 (RuTPU)RU\TPU\book\132380
|t Т. 2
|v С. 81-84
|d 2007
|p 222 с.
|
| 610 |
1 |
|
|a коррозия
|
| 610 |
1 |
|
|a солеотложения
|
| 610 |
1 |
|
|a Первомайское месторождение
|
| 610 |
1 |
|
|a эксплуатация месторождений
|
| 610 |
1 |
|
|a скважины
|
| 610 |
1 |
|
|a смешение несовместимых вод
|
| 610 |
1 |
|
|a карбонат кальция
|
| 610 |
1 |
|
|a труды учёных ТПУ
|
| 700 |
|
1 |
|a Глущенко
|b А. Ю.
|
| 701 |
|
1 |
|a Асланиди
|b В. Л.
|
| 702 |
|
1 |
|a Арбузов
|b В. Н.
|4 727
|
| 801 |
|
1 |
|a RU
|b 63413507
|c 20071205
|g PSBO
|
| 801 |
|
2 |
|a RU
|b 63413507
|c 20100412
|g RCR
|
| 942 |
|
|
|c BK
|